| 000 | 00658nam a2200193 a 4500 | ||
|---|---|---|---|
| 005 | 20141222143007.0 | ||
| 008 | 140124b2007 ck ||||| |||| 00| 0 spa d | ||
| 040 | _cCO-BooIH | ||
| 041 | _aspa | ||
| 044 | _ack | ||
| 090 |
_aIAVH _b00444 |
||
| 100 |
_aGuerra Gonzalez, Gustavo Javier _95026 |
||
| 245 |
_aEstrategia para la conservación de la biodiversidad en la Cuenca Media del río Nima _bdiseño, negociación e implementación de herramientas de manejo de paisajes-HMP |
||
| 260 |
_aPalmira _bInstituto Alexander von Humboldt _bCVC _c2007 |
||
| 300 | _a112 p. | ||
| 700 |
_aCardona, Carlos Andrés _95027 |
||
| 942 |
_cINFORME _2z |
||
| 945 | _d2007-11-08 | ||
| 999 |
_c4811 _d4811 |
||